| 000 | 00651nam a2200277Ia 4500 | ||
|---|---|---|---|
| 001 | Z_3084 | ||
| 003 | CHAP | ||
| 008 | 220113s1977 xx 000 0 und d | ||
| 010 | _a166174 | ||
| 040 | _cCHAP | ||
| 082 | _a591.842 W5y | ||
| 100 |
_aWindle, William F _9140237 |
||
| 245 |
_aHistología / _cpor William F Windle |
||
| 260 |
_aMéxico, D. F. : _bMc Graw-Hill, _c1977 |
||
| 300 | _a590 p. ; ilus. | ||
| 440 | _a | ||
| 500 | _aTrad. De : 5 ed. Textbook of histology | ||
| 503 | _a118628 | ||
| 650 |
_aHistología _955591 |
||
| 901 | _a591.842 W5y | ||
| 902 | _aA | ||
| 910 | _a1977 | ||
| 942 | _c1 | ||
| 942 | _cc1 | ||
| 999 |
_c166174 _d166174 |
||